01595 a2200217 45000010006000000050017000060080041000230030015000640400040000790800056001192450029001750200022002042500012002262640037002383000023002755050931002980410008012291000017012377000024012548560099012781587120260407155451.0260407a1977 arg spa dAR-UNSa-BCEJYS aAR-UNSa-BCEJYSbspacAR-UNSa-BCEJYS a519.2xProbabilidades y estadística matemática 10aAnálisis estadístico a978-968-25-0208-8 a2a. ed. 1aMéxico :bInteramericanac1977 axv, 806 p.c24 cm. a1. Naturaleza y objeto de la estadística - 2. Organización y presentación de datos univariables - 3. Medidas descriptivas para datos univariables - 4. Teoría de probabilidades - 5. Variables aleatorias - 6. Modelos especiales de probabilidades - 7. Muestreo de distribuciones - 8. Teoría clásica de la estimación - 9. Teoría clásica de la prueba - 10. Distribuciones Chi Cuadrado, F y t de Student - 11. Diseño experimental y análisis de variancia - 12. Muestreo y modelo de muestreo - 13. Inferencia bayesiana - 14. Teoría de las decisiones: análisis anterior - 15. Teoría de la decisión: análisis posterior y pre posterior - 16. Estadística no paramétrica - 17. Análisis bivariable lineal - 18. Análisis multivariable lineal y análisis no lineal - 19. Números índices - 20. Análisis de series de tiempo - 21. Técnicas de pronosticación - 22. Juegos, colas y simulaciones. aspa1 aChou, Ya-Lun1 aAgut Armer, Vicente41uhttps://www.biblioeco.unsa.edu.ar/pmb/images/libros/L127493.jpgyImagen de portadaqimage/jpeg